000 00572nam a2200217 a 4500
999 _c8847
_d8847
001 8847
003 BD-JhCC
005 20180712120127.0
008 180304b1958 i |||| ||a| 000 0 eng d
035 _a(BD-JhCC) 8847
040 _aBD-JhCC
_dBD-JhCC
041 _aeng
082 _a428.24
_bFOR 1958
100 _aForrester, J.F
245 _aCrescent readers /
_cForrester, J.F
260 _aDhaka :
_bPakistan Branch oxford university press karachi Dhaka ,
_c1958
300 _a119 p .:
_c17 cm .
651 _aEnglish Language
942 _2ddc
_cBK